| 000 | 00674nam a22002057a 4500 | ||
|---|---|---|---|
| 003 | OSt | ||
| 005 | 20240722080748.0 | ||
| 008 | 240722b |||||||| |||| 00| 0 eng d | ||
| 020 | _a978-621-406-207-2 | ||
| 040 |
_aDWC- Main Lib _cOC |
||
| 082 | _aFil. 613.07078 P578p 2019 | ||
| 100 | _aPunzalan , Michelle Duya | ||
| 245 |
_aPhysical education 2: _bfitness exercises / _cMichelle Duya Punzalan . |
||
| 260 |
_aManila : _bMindshapers ,Co., _cc2019. |
||
| 300 |
_aix , 127 pages : _billustrations ; _c23 cm. |
||
| 504 | _aInclude bibliographical references. | ||
| 650 | _a1. Physical fitness | ||
| 650 | _a2. Physical education and training | ||
| 942 |
_2ddc _cBK - FIL _n1 |
||
| 999 |
_c2534 _d2534 |
||